| 000 | 00671nam a2200217 i 4500 | ||
|---|---|---|---|
| 001 | 135165 | ||
| 003 | ES-MaACL | ||
| 005 | 20251218175953.0 | ||
| 007 | t| | ||
| 008 | 070711s1948 sp ||||1| spa d | ||
| 080 | _a616.5:331.825 | ||
| 100 | 1 |
_aTomé Bona, Javier María. _9110546 |
|
| 245 | 1 | 0 |
_aDermatología de las profesiones / _cJavier María Tomé Bona ; con un prólogo de Gay Prieto. |
| 260 |
_aMadrid : _bAfrodisio Aguado, _c1948. |
||
| 300 |
_a524 p. : _bil. ; _c25 cm. |
||
| 490 | 1 | _aMás allá | |
| 700 | 1 |
_aGay Prieto, José, _d1905-1979 _956121 |
|
| 830 | 0 |
_aMás allá _9181282 |
|
| 852 |
_aES-MaACL _jC-5452 _bR.25618 |
||
| 999 |
_c135165 _d135165 |
||